LEADER 00589nam a2200169 i 4500 001 000000130996 003 CaOOAMICUS 005 20250710162829.0 008 041109s1967 it u000 u ita u 040 $aSeMil$bita 245 10$aG-L. 300 $a393 p. 773 0 $aBiblioteca comunale di Milano$tCatalogo dei periodici delle biblioteche lombarde.$d[Milano] : Comune di Milano, 1964-1979.$gVol.3$w()12408 850 $aSeMil 852 $aSeMil$W1$xVenegono$y1$m3Y VI 20/3$j259541$B84995$CSeMilBibl$Z2$F88673 $81 996 $6245$aG-L$9(OLS)http://semarc/title/192829 LEADER 00613nam a2200169 i 4500 001 000000186850 003 CaOOAMICUS 005 20100306000000.0 008 100306n it u000 u ita u 013 $a164906 040 $aSeMil$bita 245 10$a2. 773 0 $aSaba, Agostino $tStoria della Chiesa.$dTorino : Unione Tipografico-Editrice Torinese, 1938-1943.$gVolume3$w()23062 773 0 $tDai pontefici di Avignone a Pio 12.$w()23063 850 $aSeMil 852 $aSeMil$W1$xVenegono$y1$m3F IV 7$j137537$B137537$CSeMilBibl$Z2$F149050 $81 996 $6245$a2$9(OLS)http://semarc/title/46889